| 000 | 00424nam a22001577a 4500 | ||
|---|---|---|---|
| 999 |
_c8675 _d8675 |
||
| 003 | OSt | ||
| 008 | 200702b ||||| |||| 00| 0 eng d | ||
| 020 | _a9789381238196 | ||
| 100 | _aIndian Pharmacopoeia Commission | ||
| 245 | _aIndian Pharmacopoeia 2018 Vol.3 | ||
| 250 | _a8th | ||
| 260 |
_aGhaziabad _bIndian Pharmacopoeia Commission _c2018 |
||
| 310 | _a2659-4143 | ||
| 650 | _aPharmacy General Books | ||
| 942 |
_2ddc _cREF |
||